Normal view
MARC view
Entry Personal Name
001 - CONTROL NUMBER
- control field: 3030
003 - CONTROL NUMBER IDENTIFIER
- control field: BD-RjUL
005 - DATE AND TIME OF LATEST TRANSACTION
- control field: 20220517104604.0
008 - FIXED-LENGTH DATA ELEMENTS
- fixed length control field: 220517|| aca||aabn | a|a d
040 ## - CATALOGING SOURCE
- Original cataloging agency: BD-RjUL
- Transcribing agency: BD-RjUL
100 ## - HEADING--PERSONAL NAME
- Personal name: رضوان، أبو الفتوح,[ Radwan, Aboul Fotouh,]
670 ## - SOURCE DATA FOUND
- Source citation: Work cat.: (BD-RjUL)79804: [Kilpatirck, William Heard ]كلياترك، وليم هيرد 3026, اصول المنهج الجديد = Remaking the curriculum /, 1959